The art of agent-oriented modeling

Αποθηκεύτηκε σε:
Λεπτομέρειες βιβλιογραφικής εγγραφής
Κύριος συγγραφέας: Sterling, Leon
Άλλοι συγγραφείς: Taveter, Kuldar
Μορφή: Βιβλίο
Γλώσσα:English
Δημοσίευση: Cambridge, Mass. : MIT Press, c2009
Σειρά:Intelligent robotics and autonomous agents
Θέματα:
Ετικέτες: Προσθήκη ετικέτας
Δεν υπάρχουν, Καταχωρήστε ετικέτα πρώτοι!

MARC

LEADER 00000nam a2200000 i 4500
001 1/11672
008 110121s2009 eng d
020 |a 978-0-262-01311-6 
035 |l 10109500 
040 |a GR-MY-UA  |b gre  |e aacr 
041 0 |a eng 
082 0 |a 006.3  |2 (22) 
100 1 |a Sterling, Leon. 
245 1 4 |a The art of agent-oriented modeling /  |c Leon Sterling and Kuldar Taveter 
260 |a Cambridge, Mass. :   |b MIT Press,   |c c2009 
300 |a xix, 367 σ.;  |b εικ.;  |c 24 εκ. 
490 1 |a Intelligent robotics and autonomous agents 
504 |a Περιέχει βιβλιογραφικές αναφορές και ευρετήριο 
650 0 0 |a Intelligent agents (Computer software) 
650 0 0 |a Computer software  |x Development. 
700 1 |a Taveter, Kuldar. 
830 0 |a Intelligent robotics and autonomous agents 
852 |a INST  |b SAMOS  |e 20110121  |h 006.3 STE  |p 005300033042  |q 005300033042  |t BK  |y 0 
901 |a BIBL3-2011-1 
909 |a Σ  |b 166788 
922 |a 3ΕΛΗ  |b 201011  |c ΤΜΠΕΣ  |d ΜΙΧΑΛΟΠΟΥΛΟΣ 
970 |a ΚΟΣΙΕΡΗΣ  |b ΧΡΗΣΤΟΣ  |z 2011/01/21